| 000 | 00609nam a2200193Ia 4500 | ||
|---|---|---|---|
| 003 | OSt | ||
| 005 | 20240328115131.0 | ||
| 008 | 210210b1959 xxu||||| |||| 00| 0 eng d | ||
| 040 | _cAL | ||
| 041 | _aKannada | ||
| 082 | _a856/225 | ||
| 100 |
_aPUTTAPPA (K V) _dಕೆ.ವಿ. ಪುಟ್ಟಪ್ಪ _9157391 |
||
| 245 |
_aVishvavidyanilayada prasaranga _bವಿಶ್ವವಿದ್ಯಾನಿಲಯದ ಪ್ರಸಾರಾಂಗ |
||
| 260 |
_aMaisuru _bMaisuru Vishvavidyanilaya _c1959 |
||
| 650 |
_aKuvempu _9157392 |
||
| 690 |
_aKannada Miscellaneous _9157393 |
||
| 906 | _a020463 | ||
| 942 |
_2ddc _cBK |
||
| 999 |
_c144611 _d144611 |
||